| 000 | 01094aam a2200349 ia4500 | ||
|---|---|---|---|
| 001 | vtls000785814 | ||
| 003 | PNM | ||
| 005 | 20201118101743.0 | ||
| 008 | 151006s2017 my a j 000 1 may | ||
| 015 | _aM17-00955 | ||
| 020 |
_a9789675602672 _qset |
||
| 020 |
_a9789675602740 _qpaperback |
||
| 039 | 9 |
_a201704141453 _bazura_a _c201704051557 _droswati _c201703300640 _drasidah _c201510061850 _dazma |
|
| 040 |
_aBNM _beng _cBNM _erda _dPPAK |
||
| 049 | _amal | ||
| 082 | 0 | 4 |
_a899.2333 _223 |
| 090 | 0 | 0 |
_a899.2333 _bZUB _dK |
| 100 | 0 |
_aZubir Zakaria, _eauthor. |
|
| 245 | 1 | 0 |
_aPADAH JIKA BERSIKAP PENGOTOR / _cZubir Zakaria |
| 264 | 1 |
_aSubang Jaya, Selangor : _bFOCUS LEARNING PUBLICATIONS, _c[2017] |
|
| 300 |
_a32 pages : _billustrations ; _c26 cm. |
||
| 336 |
_atext _2rdacontent |
||
| 337 |
_aunmediated _2rdamedia |
||
| 338 |
_avolume _2rdacarrier |
||
| 490 | 1 | _aPekerti Mulia Budaya Bangsa | |
| 650 | 1 | 0 | _aChildren's stories, Malay |
| 650 | 2 | 0 | _aDidactic fiction, Malay |
| 830 | 0 | _aPekerti mulia budaya bangsa | |
| 942 |
_2ddc _cB |
||
| 949 | _62000063464 | ||
| 949 | _62000063463 | ||
| 999 |
_c179951 _d179951 |
||